000 004630000a22001930004500
001 000936
003 MACL
005 20151025134455.0
008 151025b xxu||||| |||| 00| 0 eng d
040 _aMACL
_cMACL
041 _aEnglish
082 _a921/TAG
100 _aDas, Sisir Kumar
_94798
245 _aTalks In China
_cSisir Kumar Das
260 _aCalcutta
_c1999
_bRabindra_Bhavana,
350 _a150
650 _aBiography
_916741
942 _k921
_cBK
_2ddc
999 _c934
_d934